[Event "Russian Championship (men blitz)"]
[Site "Sochi"]
[Date "2017.10.02"]
[Round "9.6"]
[White "Alekseenko, Kirill"]
[Black "Dubov, Daniil"]
[Result "1/2-1/2"]
[LiveChessVersion "1.4.8"]
[BlackElo "2775"]
[WhiteElo "2586"]

1. e4 {[%clk 0:03:03]} c5 {[%clk 0:03:04]} 2. Nf3 {[%clk 0:03:04]} Nc6
{[%clk 0:03:05]} 3. d4 {[%clk 0:03:05]} cxd4 4. Nxd4 {[%clk 0:03:06]} Nf6
{[%clk 0:03:06]} 5. Nc3 {[%clk 0:03:07]} e5 {[%clk 0:03:07]} 6. Ndb5
{[%clk 0:03:07]} d6 {[%clk 0:03:09]} 7. Bg5 {[%clk 0:03:08]} a6 {[%clk 0:03:10]}
8. Na3 {[%clk 0:03:09]} b5 {[%clk 0:03:11]} 9. Nd5 {[%clk 0:03:10]} Be7
{[%clk 0:03:12]} 10. Bxf6 {[%clk 0:03:10]} Bxf6 {[%clk 0:03:13]} 11. c4
{[%clk 0:03:11]} b4 {[%clk 0:03:14]} 12. Nc2 {[%clk 0:03:12]} O-O
{[%clk 0:03:15]} 13. g3 {[%clk 0:03:13]} Bg5 {[%clk 0:03:10]} 14. Bg2
{[%clk 0:03:11]} Rb8 {[%clk 0:03:10]} 15. b3 {[%clk 0:03:08]} a5 {[%clk 0:03:06]}
16. O-O {[%clk 0:03:08]} Be6 {[%clk 0:03:05]} 17. h4 {[%clk 0:03:03]} Bh6
{[%clk 0:03:05]} 18. Kh2 {[%clk 0:03:04]} Ne7 {[%clk 0:03:02]} 19. Nxe7+
{[%clk 0:02:41]} Qxe7 {[%clk 0:03:02]} 20. Bh3 {[%clk 0:02:40]} Qc7
{[%clk 0:02:32]} 21. Qe2 {[%clk 0:02:30]} Qc5 {[%clk 0:02:27]} 22. Rad1
{[%clk 0:02:24]} a4 {[%clk 0:02:11]} 23. Kg2 {[%clk 0:02:15]} Ra8
{[%clk 0:02:03]} 24. Rd3 {[%clk 0:01:56]} axb3 {[%clk 0:02:01]} 25. axb3
{[%clk 0:01:57]} Ra2 {[%clk 0:02:00]} 26. Ra1 {[%clk 0:01:46]} Rb2
{[%clk 0:01:49]} 27. Bxe6 {[%clk 0:00:52]} fxe6 28. Ra6 d5 {[%clk 0:01:12]} 29.
exd5 {[%clk 0:00:50]} e4 {[%clk 0:01:13]} 30. Rd1 {[%clk 0:00:42]} Rxb3
{[%clk 0:01:14]} 31. Rxe6 {[%clk 0:00:34]} Rbf3 32. Rf1 b3 {[%clk 0:00:48]} 33.
Ne1 {[%clk 0:00:30]} Be3 {[%clk 0:00:45]} 34. Kh3 {[%clk 0:00:18]} Rxf2
{[%clk 0:00:24]} 35. Rxf2 {[%clk 0:00:20]} Bxf2 {[%clk 0:00:24]} 36. Rxe4
{[%clk 0:00:21]} Qd6 {[%clk 0:00:13]} 37. Qd3 {[%clk 0:00:18]} b2
{[%clk 0:00:11]} 38. c5 {[%clk 0:00:08]} Qxg3+ {[%clk 0:00:04]} 39. Qxg3
{[%clk 0:00:09]} Bxg3 {[%clk 0:00:05]} 40. Rb4 {[%clk 0:00:11]} Bxe1
{[%clk 0:00:05]} 41. Rxb2 {[%clk 0:00:12]} Bc3 {[%clk 0:00:04]} 42. Rc2
{[%clk 0:00:13]} Be5 {[%clk 0:00:05]} 43. d6 {[%clk 0:00:12]} Rd8
{[%clk 0:00:04]} 44. Kg4 {[%clk 0:00:10]} g6 {[%clk 0:00:04]} 45. Kf3
{[%clk 0:00:11]} Kf7 {[%clk 0:00:06]} 46. Ke4 Ke6 {[%clk 0:00:06]} 47. Ra2
{[%clk 0:00:11]} Rb8 {[%clk 0:00:07]} 48. Ra7 {[%clk 0:00:11]} Rb4+
{[%clk 0:00:07]} 49. Kd3 {[%clk 0:00:12]} Kd5 {[%clk 0:00:06]} 50. d7
{[%clk 0:00:08]} Rd4+ {[%clk 0:00:06]} 51. Ke2 {[%clk 0:00:09]} Kc6
{[%clk 0:00:04]} 52. d8=Q {[%clk 0:00:05]} Rxd8 {[%clk 0:00:04]} 53. Rxh7
{[%clk 0:00:06]} Kxc5 {[%clk 0:00:04]} 54. Rh6 {[%clk 0:00:07]} Rg8
{[%clk 0:00:05]} 55. Kf3 {[%clk 0:00:08]} Kd5 {[%clk 0:00:06]} 56. Kg4
{[%clk 0:00:08]} Ke4 {[%clk 0:00:07]} 57. Rh7 {[%clk 0:00:06]} Rc8
{[%clk 0:00:07]} 58. Kg5 {[%clk 0:00:06]} Rc6 {[%clk 0:00:08]} 59. Re7
{[%clk 0:00:06]} Ra6 {[%clk 0:00:09]} 60. Re8 {[%clk 0:00:07]} Rb6
{[%clk 0:00:10]} 61. Re7 {[%clk 0:00:07]} Kd5 {[%clk 0:00:08]} 62. Re8
{[%clk 0:00:07]} Ra6 {[%clk 0:00:05]} 63. Rd8+ {[%clk 0:00:03]} Ke4
{[%clk 0:00:03]} 64. Re8 {[%clk 0:00:05]} Rb6 {[%clk 0:00:04]} 65. Re7
{[%clk 0:00:05]} Rd6 {[%clk 0:00:05]} 66. Re8 {[%clk 0:00:07]} Rd1
{[%clk 0:00:04]} 67. Kxg6 {[%clk 0:00:07]} Rg1+ {[%clk 0:00:05]} 68. Kh5
{[%clk 0:00:06]} Kf5 {[%clk 0:00:05]} 69. Rf8+ {[%clk 0:00:06]} Bf6 70. Ra8 Rg7
{[%clk 0:00:06]} 71. Kh6 {[%clk 0:00:04]} Rg6+ {[%clk 0:00:06]} 72. Kh5
{[%clk 0:00:05]} Rg7 {[%clk 0:00:06]} 73. Kh6 {[%clk 0:00:07]} Rg4
{[%clk 0:00:06]} 74. Ra5+ {[%clk 0:00:06]} Be5 {[%clk 0:00:07]} 75. h5
{[%clk 0:00:05]} Rg8 {[%clk 0:00:07]} 76. Ra7 {[%clk 0:00:06]} Bf6
{[%clk 0:00:07]} 77. Ra5+ {[%clk 0:00:06]} Be5 {[%clk 0:00:08]} 78. Ra7
{[%clk 0:00:08]} Re8 {[%clk 0:00:05]} 79. Rb7 {[%clk 0:00:07]} Re6+
{[%clk 0:00:05]} 80. Kh7 {[%clk 0:00:08]} Kg5 {[%clk 0:00:06]} 81. Rb1
{[%clk 0:00:07]} Re7+ {[%clk 0:00:07]} 82. Kg8 {[%clk 0:00:08]} Kxh5
{[%clk 0:00:05]} 83. Kf8 {[%clk 0:00:06]} Bd6 {[%clk 0:00:04]} 84. Kg8
{[%clk 0:00:06]} Kg6 {[%clk 0:00:04]} 85. Rg1+ {[%clk 0:00:06]} Kf5
{[%clk 0:00:05]} 86. Rf1+ {[%clk 0:00:07]} Bf4 {[%clk 0:00:06]} 87. Kf8
{[%clk 0:00:08]} Rb7 {[%clk 0:00:07]} 88. Rf2 {[%clk 0:00:10]} Kg5
{[%clk 0:00:07]} 89. Ke8 {[%clk 0:00:11]} Kf5 {[%clk 0:00:08]} 90. Kf8
{[%clk 0:00:10]} Ra7 {[%clk 0:00:09]} 91. Rf1 {[%clk 0:00:12]} Ke5
{[%clk 0:00:10]} 92. Kg8 {[%clk 0:00:13]} Bg5 {[%clk 0:00:11]} 93. Rf7
{[%clk 0:00:13]} Ra6 {[%clk 0:00:12]} 94. Rf1 {[%clk 0:00:09]} Bf6
{[%clk 0:00:12]} 95. Kf7 {[%clk 0:00:06]} Ra7+ {[%clk 0:00:13]} 96. Kg6
{[%clk 0:00:07]} Rg7+ {[%clk 0:00:14]} 97. Kh5 {[%clk 0:00:08]} Rg5+
{[%clk 0:00:14]} 98. Kh6 {[%clk 0:00:09]} Rg2 {[%clk 0:00:15]} 99. Rb1
{[%clk 0:00:05]} Kf5 {[%clk 0:00:06]} 100. Rf1+ {[%clk 0:00:06]} Ke6
{[%clk 0:00:08]} 101. Kh5 {[%clk 0:00:04]} Be5 {[%clk 0:00:08]} 102. Kh4
{[%clk 0:00:04]} Kd5 {[%clk 0:00:09]} 103. Rb1 {[%clk 0:00:04]} Ke4
{[%clk 0:00:10]} 104. Rb4+ {[%clk 0:00:06]} Kf5 {[%clk 0:00:11]} 105. Kh5
{[%clk 0:00:06]} Rg5+ {[%clk 0:00:12]} 106. Kh4 {[%clk 0:00:07]} Rg8
{[%clk 0:00:05]} 107. Kh3 {[%clk 0:00:06]} Rg3+ {[%clk 0:00:06]} 108. Kh4
{[%clk 0:00:07]} Rc3 {[%clk 0:00:06]} 109. Kh5 {[%clk 0:00:06]} Rc8
{[%clk 0:00:04]} 110. Rb6 {[%clk 0:00:06]} Rc1 {[%clk 0:00:04]} 111. Rb4 Rh1+
{[%clk 0:00:04]} 112. Rh4 {[%clk 0:00:08]} Rg1 {[%clk 0:00:05]} 113. Ra4
{[%clk 0:00:10]} Re1 {[%clk 0:00:04]} 114. Rb4 {[%clk 0:00:09]} Rg1
{[%clk 0:00:04]} 115. Ra4 {[%clk 0:00:11]} Bc3 {[%clk 0:00:04]} 116. Kh4
{[%clk 0:00:08]} Be5 {[%clk 0:00:03]} 117. Kh5 {[%clk 0:00:08]} Rh1+
{[%clk 0:00:04]} 118. Rh4 {[%clk 0:00:09]} Rb1 {[%clk 0:00:05]} 119. Ra4
{[%clk 0:00:10]} Rb7 {[%clk 0:00:06]} 120. Ra6 {[%clk 0:00:11]} Rd7
{[%clk 0:00:06]} 121. Rb6 {[%clk 0:00:11]} Rd8 {[%clk 0:00:07]} 122. Ra6
{[%clk 0:00:12]} Rd2 {[%clk 0:00:06]} 123. Ra4 {[%clk 0:00:12]} Rg2
{[%clk 0:00:06]} 124. Rb4 {[%clk 0:00:13]} Bd6 {[%clk 0:00:04]} 125. Rb5+
{[%clk 0:00:13]} Be5 {[%clk 0:00:06]} 126. Rb4 {[%clk 0:00:15]} Rg5+
{[%clk 0:00:06]} 127. Kh4 {[%clk 0:00:16]} Rg8 {[%clk 0:00:06]} 128. Kh3
{[%clk 0:00:15]} Rg3+ {[%clk 0:00:07]} 129. Kh4 {[%clk 0:00:17]} Rc3
{[%clk 0:00:04]} 130. Kh5 {[%clk 0:00:16]} Bd6 {[%clk 0:00:05]} 131. Rb5+
{[%clk 0:00:16]} Bc5 {[%clk 0:00:07]} 132. Kh6 {[%clk 0:00:16]} Kf6
{[%clk 0:00:07]} 133. Kh5 {[%clk 0:00:18]} Kf5 {[%clk 0:00:08]} 134. Kh6
{[%clk 0:00:19]} Ke6 {[%clk 0:00:06]} 135. Ra5 {[%clk 0:00:17]} Bd6
{[%clk 0:00:06]} 136. Ra6 {[%clk 0:00:16]} Rg3 {[%clk 0:00:07]} 137. Rb6
{[%clk 0:00:17]} Ke5 {[%clk 0:00:07]} 138. Kh7 {[%clk 0:00:17]} Be7
{[%clk 0:00:07]} 139. Rg6 {[%clk 0:00:17]} Rh3+ {[%clk 0:00:08]} 140. Rh6
{[%clk 0:00:17]} Rb3 {[%clk 0:00:08]} 141. Ra6 {[%clk 0:00:16]} Bf6
{[%clk 0:00:09]} 142. Ra5+ {[%clk 0:00:11]} Ke6 {[%clk 0:00:10]} 143. Kg6
{[%clk 0:00:06]} Rg3+ {[%clk 0:00:10]} 144. Kh5 {[%clk 0:00:07]} Be5
{[%clk 0:00:11]} 145. Kh4 {[%clk 0:00:06]} Rg8 {[%clk 0:00:11]} 146. Kg4 1/2-1/2

[Event "Russian Championship (men blitz)"]
[Site "Sochi"]
[Date "2017.10.02"]
[Round "9.11"]
[White "Inarkiev, Ernesto"]
[Black "Usmanov, Vasily"]
[Result "0-1"]
[LiveChessVersion "1.4.8"]
[BlackElo "2441"]
[WhiteElo "2677"]

1. d4 {[%clk 0:03:03]} Nf6 {[%clk 0:03:03]} 2. c4 {[%clk 0:03:04]} e6
{[%clk 0:03:05]} 3. Nf3 {[%clk 0:03:06]} Bb4+ {[%clk 0:03:06]} 4. Bd2
{[%clk 0:03:03]} Qe7 {[%clk 0:03:07]} 5. g3 {[%clk 0:03:01]} Bxd2+
{[%clk 0:03:07]} 6. Qxd2 {[%clk 0:03:02]} Nc6 {[%clk 0:03:05]} 7. Bg2
{[%clk 0:02:50]} d5 {[%clk 0:03:05]} 8. O-O {[%clk 0:02:50]} O-O {[%clk 0:03:06]}
9. b3 {[%clk 0:02:46]} dxc4 {[%clk 0:03:05]} 10. bxc4 {[%clk 0:02:46]} Rd8
{[%clk 0:03:03]} 11. Qb2 {[%clk 0:02:43]} Qb4 {[%clk 0:02:25]} 12. Qxb4
{[%clk 0:02:39]} Nxb4 {[%clk 0:02:26]} 13. Nc3 {[%clk 0:02:34]} Nc6
{[%clk 0:01:34]} 14. e3 {[%clk 0:02:10]} Bd7 {[%clk 0:01:35]} 15. Rfc1
{[%clk 0:01:55]} Be8 {[%clk 0:01:35]} 16. Rab1 {[%clk 0:01:54]} Rab8
{[%clk 0:01:35]} 17. Nb5 {[%clk 0:01:41]} Rdc8 {[%clk 0:01:13]} 18. Ne5
{[%clk 0:01:32]} Nxe5 {[%clk 0:01:10]} 19. dxe5 {[%clk 0:01:31]} Bxb5
{[%clk 0:01:11]} 20. Rxb5 {[%clk 0:00:40]} c6 {[%clk 0:01:12]} 21. Ra5
{[%clk 0:00:42]} Nd7 {[%clk 0:01:14]} 22. Rxa7 {[%clk 0:00:43]} Nxe5 23. c5 Ra8
{[%clk 0:01:06]} 24. Rxb7 {[%clk 0:00:46]} Rxa2 {[%clk 0:01:05]} 25. Be4
{[%clk 0:00:36]} g6 {[%clk 0:00:58]} 26. h3 {[%clk 0:00:36]} Rd8 {[%clk 0:00:47]}
27. Rc2 {[%clk 0:00:12]} Rd1+ {[%clk 0:00:46]} 28. Kg2 {[%clk 0:00:09]} Rxc2
{[%clk 0:00:47]} 29. Bxc2 {[%clk 0:00:11]} Rc1 {[%clk 0:00:48]} 30. Be4
{[%clk 0:00:07]} Rxc5 {[%clk 0:00:49]} 31. f4 {[%clk 0:00:09]} Nc4
{[%clk 0:00:48]} 32. Kf2 {[%clk 0:00:09]} Nd6 {[%clk 0:00:48]} 33. Rb8+
{[%clk 0:00:10]} Kg7 {[%clk 0:00:49]} 34. Bd3 {[%clk 0:00:12]} Rc3
{[%clk 0:00:37]} 35. Ke2 {[%clk 0:00:13]} Nf5 {[%clk 0:00:36]} 36. Kd2
{[%clk 0:00:12]} Ra3 {[%clk 0:00:36]} 37. g4 {[%clk 0:00:11]} Ne7
{[%clk 0:00:33]} 38. e4 {[%clk 0:00:11]} c5 {[%clk 0:00:31]} 39. Rb5
{[%clk 0:00:12]} c4 {[%clk 0:00:28]} 40. Bxc4 {[%clk 0:00:12]} Rxh3
{[%clk 0:00:28]} 41. Rb7 {[%clk 0:00:14]} Kf8 {[%clk 0:00:27]} 42. Rb8+
{[%clk 0:00:13]} Kg7 43. Rb7 Nc6 {[%clk 0:00:27]} 44. Rd7 {[%clk 0:00:13]} Rh2+
{[%clk 0:00:18]} 45. Ke3 {[%clk 0:00:14]} Kf8 {[%clk 0:00:13]} 46. Bb5
{[%clk 0:00:14]} Rh3+ {[%clk 0:00:14]} 47. Kf2 {[%clk 0:00:15]} Rc3
{[%clk 0:00:08]} 48. Rc7 {[%clk 0:00:14]} Rc2+ {[%clk 0:00:10]} 49. Kg3
{[%clk 0:00:11]} Nd4 {[%clk 0:00:11]} 50. Rxc2 {[%clk 0:00:12]} Nxc2
{[%clk 0:00:12]} 51. g5 {[%clk 0:00:12]} Nd4 {[%clk 0:00:05]} 52. Ba4
{[%clk 0:00:14]} Kg7 {[%clk 0:00:04]} 53. Kf2 {[%clk 0:00:15]} e5
{[%clk 0:00:04]} 54. fxe5 {[%clk 0:00:07]} Ne6 {[%clk 0:00:05]} 55. Kg3
{[%clk 0:00:08]} Nxg5 56. Kf4 Ne6+ {[%clk 0:00:07]} 57. Kg3 {[%clk 0:00:11]} Nc5
{[%clk 0:00:08]} 58. Bc6 {[%clk 0:00:12]} Nd3 {[%clk 0:00:09]} 59. e6
{[%clk 0:00:12]} fxe6 {[%clk 0:00:09]} 60. Bb5 {[%clk 0:00:13]} Ne5
{[%clk 0:00:10]} 61. Kf4 {[%clk 0:00:14]} Kf6 62. Ba4 h5 {[%clk 0:00:13]} 63. Bd1
{[%clk 0:00:17]} g5+ {[%clk 0:00:14]} 64. Ke3 {[%clk 0:00:19]} g4
{[%clk 0:00:15]} 65. Kf4 {[%clk 0:00:20]} Ng6+ {[%clk 0:00:16]} 66. Ke3
{[%clk 0:00:21]} e5 {[%clk 0:00:18]} 67. Be2 Kg5 68. Bb5 {[%clk 0:00:23]} Nf4
{[%clk 0:00:20]} 69. Bd7 {[%clk 0:00:25]} h4 {[%clk 0:00:22]} 70. Kd4 0-1

[Event "Russian Championship (men blitz)"]
[Site "Sochi"]
[Date "2017.10.02"]
[Round "9.22"]
[White "Derjabin, Ilja"]
[Black "Sarana, Alexey"]
[Result "1-0"]
[LiveChessVersion "1.4.8"]
[BlackElo "2574"]
[WhiteElo "2388"]

1. Nf3 d5 2. g3 {[%clk 0:03:01]} Nf6 {[%clk 0:03:03]} 3. Bg2 {[%clk 0:03:02]} g6
{[%clk 0:03:02]} 4. c4 {[%clk 0:03:04]} d4 {[%clk 0:03:03]} 5. O-O
{[%clk 0:03:03]} Bg7 {[%clk 0:03:04]} 6. b4 {[%clk 0:03:04]} c5 {[%clk 0:03:05]}
7. Bb2 {[%clk 0:03:02]} O-O {[%clk 0:03:03]} 8. d3 {[%clk 0:03:01]} Nc6
{[%clk 0:03:00]} 9. b5 {[%clk 0:02:52]} Nb8 {[%clk 0:03:01]} 10. Nbd2
{[%clk 0:02:48]} Nbd7 {[%clk 0:03:01]} 11. a4 {[%clk 0:02:45]} a5
{[%clk 0:02:56]} 12. bxa6 {[%clk 0:02:31]} Rxa6 {[%clk 0:02:56]} 13. Nb3
{[%clk 0:02:26]} e5 {[%clk 0:02:54]} 14. Nfd2 {[%clk 0:02:20]} Qc7
{[%clk 0:02:53]} 15. Qc2 {[%clk 0:02:17]} h5 {[%clk 0:02:48]} 16. Nb1
{[%clk 0:02:10]} h4 {[%clk 0:02:37]} 17. Na3 {[%clk 0:02:12]} hxg3
{[%clk 0:02:33]} 18. hxg3 {[%clk 0:02:13]} e4 {[%clk 0:02:12]} 19. dxe4
{[%clk 0:01:44]} Ne5 {[%clk 0:02:13]} 20. Nb5 {[%clk 0:01:40]} Qe7
{[%clk 0:02:14]} 21. Ba3 {[%clk 0:01:39]} b6 {[%clk 0:01:51]} 22. N3xd4
{[%clk 0:01:37]} Nfg4 {[%clk 0:01:52]} 23. Nf3 {[%clk 0:01:25]} Nxf3+
{[%clk 0:01:48]} 24. exf3 {[%clk 0:01:26]} Bxa1 {[%clk 0:01:47]} 25. Rxa1
{[%clk 0:01:28]} Ne5 {[%clk 0:01:46]} 26. Bb2 {[%clk 0:01:25]} Nc6
{[%clk 0:01:45]} 27. f4 {[%clk 0:01:19]} f6 {[%clk 0:01:44]} 28. e5
{[%clk 0:01:18]} Bf5 {[%clk 0:01:41]} 29. Bd5+ {[%clk 0:01:19]} Kh7
{[%clk 0:01:35]} 30. Qe2 {[%clk 0:01:16]} Nb4 {[%clk 0:01:21]} 31. Bf3
{[%clk 0:01:01]} fxe5 {[%clk 0:01:14]} 32. Bxe5 {[%clk 0:01:02]} Nd3
{[%clk 0:01:11]} 33. Nc3 {[%clk 0:00:54]} Nxe5 {[%clk 0:01:04]} 34. fxe5
{[%clk 0:00:55]} Kg7 {[%clk 0:00:56]} 35. Nd5 {[%clk 0:00:55]} Qg5
{[%clk 0:00:49]} 36. e6 {[%clk 0:00:53]} Bxe6 {[%clk 0:00:49]} 37. Qxe6
{[%clk 0:00:35]} Rxf3 {[%clk 0:00:50]} 38. Kg2 {[%clk 0:00:35]} Rf7
{[%clk 0:00:47]} 39. a5 {[%clk 0:00:31]} Rxa5 {[%clk 0:00:46]} 40. Rf1
{[%clk 0:00:25]} Ra2 {[%clk 0:00:46]} 41. Qxb6 {[%clk 0:00:25]} Qf5
{[%clk 0:00:43]} 42. Qxc5 {[%clk 0:00:26]} Qe4+ {[%clk 0:00:44]} 43. Kg1
{[%clk 0:00:27]} Rc2 {[%clk 0:00:41]} 44. Ne3 {[%clk 0:00:23]} Re2
{[%clk 0:00:41]} 45. Qb6 {[%clk 0:00:18]} Qe5 {[%clk 0:00:35]} 46. Ng4
{[%clk 0:00:13]} Qc3 {[%clk 0:00:31]} 47. c5 {[%clk 0:00:12]} Qf3
{[%clk 0:00:24]} 48. Qb4 {[%clk 0:00:12]} Re4 {[%clk 0:00:21]} 49. Qb2+
{[%clk 0:00:13]} Kh7 {[%clk 0:00:17]} 50. Ne5 {[%clk 0:00:12]} Qf6
{[%clk 0:00:18]} 51. f4 {[%clk 0:00:12]} Ra7 {[%clk 0:00:16]} 52. Qh2+
{[%clk 0:00:13]} Kg8 {[%clk 0:00:18]} 53. Qg2 {[%clk 0:00:13]} Qf5
{[%clk 0:00:15]} 54. g4 {[%clk 0:00:13]} Qxf4 {[%clk 0:00:11]} 55. Rxf4
{[%clk 0:00:12]} Rxf4 {[%clk 0:00:12]} 56. Nxg6 {[%clk 0:00:11]} Rfa4
{[%clk 0:00:11]} 57. Qd5+ {[%clk 0:00:09]} Kg7 {[%clk 0:00:12]} 58. Nf4
{[%clk 0:00:09]} Rxf4 {[%clk 0:00:11]} 59. Qe5+ {[%clk 0:00:10]} Rf6
{[%clk 0:00:13]} 60. g5 {[%clk 0:00:12]} Raf7 {[%clk 0:00:13]} 61. gxf6+
{[%clk 0:00:13]} Rxf6 62. c6 Kf7 {[%clk 0:00:15]} 63. Qxf6+ {[%clk 0:00:16]} 1-0

[Event "Russian Championship (men blitz)"]
[Site "Sochi"]
[Date "2017.10.02"]
[Round "10.9"]
[White "Triapishko, Alexandr"]
[Black "Jakovenko, Dmitry"]
[Result "1/2-1/2"]
[LiveChessVersion "1.4.8"]
[BlackElo "2589"]
[WhiteElo "2396"]

1. d4 {[%clk 0:03:02]} Nf6 {[%clk 0:03:03]} 2. Nc3 {[%clk 0:03:03]} d5
{[%clk 0:03:01]} 3. Bf4 {[%clk 0:03:04]} e6 {[%clk 0:02:51]} 4. Nb5
{[%clk 0:03:05]} Na6 {[%clk 0:02:32]} 5. e3 {[%clk 0:03:06]} c6 {[%clk 0:02:26]}
6. Nc3 {[%clk 0:03:07]} Nc7 {[%clk 0:02:27]} 7. Nf3 {[%clk 0:03:05]} Bd6
{[%clk 0:02:27]} 8. Bd3 {[%clk 0:03:04]} b6 {[%clk 0:02:20]} 9. Ne5
{[%clk 0:03:04]} Bb7 {[%clk 0:02:19]} 10. g4 {[%clk 0:03:04]} Qe7
{[%clk 0:02:17]} 11. Qf3 {[%clk 0:02:53]} Nd7 {[%clk 0:02:13]} 12. Nxd7
{[%clk 0:02:35]} Qxd7 {[%clk 0:02:13]} 13. g5 {[%clk 0:02:31]} c5
{[%clk 0:01:52]} 14. Bxd6 {[%clk 0:02:07]} Qxd6 {[%clk 0:01:53]} 15. Qg3
{[%clk 0:01:56]} Rd8 {[%clk 0:01:43]} 16. Qxd6 {[%clk 0:01:45]} Rxd6
{[%clk 0:01:43]} 17. Nb5 {[%clk 0:01:40]} Nxb5 {[%clk 0:01:43]} 18. Bxb5+
{[%clk 0:01:41]} Ke7 {[%clk 0:01:44]} 19. c3 {[%clk 0:01:40]} h6 20. g6 f5
{[%clk 0:01:40]} 21. h4 {[%clk 0:01:10]} f4 {[%clk 0:01:29]} 22. h5
{[%clk 0:01:08]} Rf8 {[%clk 0:01:29]} 23. Ke2 {[%clk 0:01:03]} Rdd8 24. Rh4 fxe3
{[%clk 0:01:27]} 25. fxe3 {[%clk 0:01:04]} Rf6 {[%clk 0:01:25]} 26. Rf1
{[%clk 0:00:54]} Rxf1 {[%clk 0:01:21]} 27. Kxf1 {[%clk 0:00:55]} Rf8+
{[%clk 0:01:22]} 28. Ke2 {[%clk 0:00:54]} cxd4 {[%clk 0:00:44]} 29. cxd4
{[%clk 0:00:47]} Bc8 {[%clk 0:00:36]} 30. Rf4 {[%clk 0:00:39]} Rxf4
{[%clk 0:00:23]} 31. exf4 {[%clk 0:00:40]} Bd7 {[%clk 0:00:22]} 32. Bd3
{[%clk 0:00:39]} Kf6 {[%clk 0:00:21]} 33. Ke3 {[%clk 0:00:39]} a5
{[%clk 0:00:21]} 34. b3 {[%clk 0:00:32]} b5 {[%clk 0:00:20]} 35. a3
{[%clk 0:00:30]} b4 {[%clk 0:00:21]} 36. axb4 {[%clk 0:00:29]} axb4
{[%clk 0:00:22]} 37. Bf1 {[%clk 0:00:28]} Bc6 {[%clk 0:00:22]} 38. Bd3
{[%clk 0:00:27]} Bb7 {[%clk 0:00:22]} 39. Bf1 {[%clk 0:00:28]} Ke5 1/2-1/2

[Event "Russian Championship (men blitz)"]
[Site "Sochi"]
[Date "2017.10.02"]
[Round "10.11"]
[White "Usmanov, Vasily"]
[Black "Inarkiev, Ernesto"]
[Result "1-0"]
[LiveChessVersion "1.4.8"]
[BlackElo "2677"]
[WhiteElo "2441"]

1. d4 {[%clk 0:03:04]} Nf6 {[%clk 0:03:03]} 2. c4 {[%clk 0:03:05]} e6
{[%clk 0:03:05]} 3. Nc3 {[%clk 0:03:04]} Bb4 {[%clk 0:03:06]} 4. e3
{[%clk 0:03:05]} O-O {[%clk 0:03:05]} 5. Nge2 {[%clk 0:03:06]} d5
{[%clk 0:03:05]} 6. a3 {[%clk 0:03:07]} Be7 {[%clk 0:03:06]} 7. Ng3
{[%clk 0:03:07]} c5 {[%clk 0:02:50]} 8. cxd5 {[%clk 0:03:08]} Nxd5
{[%clk 0:02:49]} 9. Nxd5 {[%clk 0:02:59]} Qxd5 {[%clk 0:02:50]} 10. e4
{[%clk 0:02:59]} Qd8 {[%clk 0:02:41]} 11. Be3 {[%clk 0:02:57]} Qb6
{[%clk 0:02:37]} 12. Qd2 {[%clk 0:02:29]} Rd8 {[%clk 0:01:56]} 13. dxc5
{[%clk 0:02:21]} Rxd2 {[%clk 0:01:57]} 14. cxb6 {[%clk 0:02:22]} Rxb2
{[%clk 0:01:58]} 15. bxa7 {[%clk 0:02:23]} Nc6 {[%clk 0:01:58]} 16. Bc4
{[%clk 0:02:01]} Nxa7 {[%clk 0:01:36]} 17. Bd4 {[%clk 0:01:52]} Rc2
{[%clk 0:01:37]} 18. Bd3 {[%clk 0:01:43]} Rc7 {[%clk 0:01:33]} 19. Ke2
{[%clk 0:01:11]} Nc6 {[%clk 0:01:26]} 20. Bb6 {[%clk 0:01:11]} Rd7
{[%clk 0:01:27]} 21. a4 {[%clk 0:01:05]} Bf6 {[%clk 0:00:53]} 22. Ra3
{[%clk 0:00:48]} Be7 {[%clk 0:00:54]} 23. Raa1 {[%clk 0:00:46]} Bf6
{[%clk 0:00:55]} 24. Ra3 {[%clk 0:00:47]} Be7 {[%clk 0:00:13]} 25. Raa1 Bf6 26.
Ra3 {[%clk 0:00:50]} Be7 {[%clk 0:00:09]} 27. Raa1 {[%clk 0:00:51]} Bf6
{[%clk 0:00:10]} 28. Ra3 {[%clk 0:00:52]} Be7 {[%clk 0:00:06]} 29. Raa1
{[%clk 0:00:54]} Bf6 {[%clk 0:00:09]} 30. Ra3 {[%clk 0:00:58]} Be7 31. Raa1 Bf6
32. Ra3 Be7 {[%clk 0:00:15]} 33. Raa1 Bf6 34. Ra3 {[%clk 0:01:04]} Bb2
{[%clk 0:00:08]} 35. Ra2 {[%clk 0:00:48]} Bc3 {[%clk 0:00:09]} 36. Bb5
{[%clk 0:00:41]} Nd4+ {[%clk 0:00:11]} 37. Bxd4 {[%clk 0:00:41]} Rxd4
{[%clk 0:00:12]} 38. Rc1 {[%clk 0:00:33]} Ba5 {[%clk 0:00:12]} 39. Rac2
{[%clk 0:00:31]} Rd8 {[%clk 0:00:13]} 40. e5 {[%clk 0:00:25]} h6 {[%clk 0:00:13]}
41. Ne4 {[%clk 0:00:26]} Bd7 {[%clk 0:00:14]} 42. Bxd7 {[%clk 0:00:23]} Rxd7
{[%clk 0:00:16]} 43. Rc8+ {[%clk 0:00:24]} Rxc8 {[%clk 0:00:17]} 44. Rxc8+
{[%clk 0:00:25]} Kh7 {[%clk 0:00:19]} 45. Nd6 {[%clk 0:00:24]} Bb4
{[%clk 0:00:17]} 46. Nc4 {[%clk 0:00:09]} f6 {[%clk 0:00:15]} 47. g3
{[%clk 0:00:07]} Kg6 {[%clk 0:00:16]} 48. h4 {[%clk 0:00:07]} Kf5
{[%clk 0:00:16]} 49. exf6 {[%clk 0:00:07]} gxf6 {[%clk 0:00:18]} 50. Rh8
{[%clk 0:00:07]} Kg6 {[%clk 0:00:19]} 51. Rg8+ {[%clk 0:00:07]} Kf7
{[%clk 0:00:20]} 52. Rh8 {[%clk 0:00:08]} Kg7 {[%clk 0:00:22]} 53. Rb8
{[%clk 0:00:09]} Rc7 {[%clk 0:00:21]} 54. Kd3 {[%clk 0:00:06]} Kf7
{[%clk 0:00:20]} 55. h5 {[%clk 0:00:07]} Rd7+ {[%clk 0:00:17]} 56. Kc2
{[%clk 0:00:08]} Bc5 {[%clk 0:00:18]} 57. f3 {[%clk 0:00:06]} Rc7
{[%clk 0:00:18]} 58. Kb3 {[%clk 0:00:06]} Rd7 {[%clk 0:00:18]} 59. Kc2
{[%clk 0:00:06]} Rc7 {[%clk 0:00:17]} 60. g4 {[%clk 0:00:05]} Ba7
{[%clk 0:00:18]} 61. Rxb7 {[%clk 0:00:06]} Rxb7 {[%clk 0:00:17]} 62. Nd6+
{[%clk 0:00:08]} Ke7 {[%clk 0:00:17]} 63. Nxb7 {[%clk 0:00:09]} f5
{[%clk 0:00:18]} 64. Kd3 {[%clk 0:00:07]} Kf6 {[%clk 0:00:17]} 65. a5
{[%clk 0:00:05]} Kg5 {[%clk 0:00:18]} 66. gxf5 {[%clk 0:00:05]} exf5
{[%clk 0:00:19]} 67. Nd8 {[%clk 0:00:06]} Kxh5 {[%clk 0:00:19]} 68. Nc6
{[%clk 0:00:07]} Bc5 {[%clk 0:00:18]} 69. Kc4 {[%clk 0:00:05]} Be3
{[%clk 0:00:15]} 70. a6 {[%clk 0:00:05]} Bb6 {[%clk 0:00:15]} 71. Kb5
{[%clk 0:00:03]} Be3 {[%clk 0:00:16]} 72. Ne7 {[%clk 0:00:04]} Kg5
{[%clk 0:00:17]} 73. Nd5 {[%clk 0:00:05]} Ba7 {[%clk 0:00:18]} 74. Kc6
{[%clk 0:00:07]} h5 {[%clk 0:00:18]} 75. Kb7 {[%clk 0:00:08]} Bd4
{[%clk 0:00:18]} 76. Nb6 {[%clk 0:00:07]} h4 77. a7 h3 {[%clk 0:00:17]} 78. a8=Q
{[%clk 0:00:09]} Kf4 {[%clk 0:00:12]} 79. Qb8+ {[%clk 0:00:07]} Kxf3
{[%clk 0:00:13]} 80. Qh2 Kg4 81. Nd5 {[%clk 0:00:08]} 1-0